Quick Pick: Popular Chain Restaurants Quiz Stats

Quiz Updated Nov 18, 2017

Challenge
Share
Tweet
Embed
Score 0/20 Timer 01:00
6 Plays Today
% Correct
Taco
91.7%
Burger
91.3%
Box
90.5%
Red
89.8%
Garden
88.9%
Silver's
88.5%
OUT
88.5%
House
87.9%
Chick
87.5%
Papa
87.5%
% Correct
Little
86.8%
Guys
85.4%
Steakhouse
83.2%
Shake
80.6%
Hortons
79.5%
Mexican
78.1%
Sandwiches
72.5%
Jr.
70.6%
Popeyes
67.5%
Famous
61.5%

Today's Daily Dose

Word Ladder
Antonym Clues II

Quick Pick
Movies of 2014

On This Day
April 24th II

You're not logged in!

Compare scores with friends on all Sporcle quizzes.
Sign Up with Email
OR
Log In

You Might Also Like...

Show Comments

Extras

Top Quizzes Today


Score Distribution

Your Account Isn't Verified!

In order to create a playlist on Sporcle, you need to verify the email address you used during registration. Go to your Sporcle Settings to finish the process.

Report this User

Report this user for behavior that violates our Community Guidelines.

Details: